| 000 | 00618nam a2200205 i 4500 | ||
|---|---|---|---|
| 001 | 44713 | ||
| 003 | ES-MaACL | ||
| 005 | 20250814090907.0 | ||
| 007 | t| | ||
| 008 | 030324q1930 sp ||||1| spa d | ||
| 245 | 0 | 3 | _aEl cine a vista de pájaro. |
| 260 |
_aBarcelona : _b[s.n., _c1930?] ( _fFlos) |
||
| 300 |
_av. : _bil. ; _c22 cm. |
||
| 505 | 1 | _aI. Lección primera, 32 p. | |
| 594 | _aPrecede al tít.: Cinescola. Barcelona. Cursos ad hoc por correspondencia. | ||
| 650 | 0 | 7 |
_aCinematografía _2embne _911038 |
| 710 | 2 |
_aCinescola (Barcelona) _92807 |
|
| 852 |
_aES-MaACL _j1554-F-7 |
||
| 999 |
_c44713 _d44713 |
||